Hiszpańskie czasowniki (hiszpański) - Statystyki

Ogólne statystyki
  • Ten quiz został rozwiązany 56 razy
    42 od ostatniego zresetowania
  • Średni wynik to 11 z 19
Statystyki odpowiedzi
Hint Odpowiedź % Poprawnych
Bailar Tańczyć
90%
Hablar Rozmawiać
85%
Escuchar Słuchać
85%
Leer Czytać
80%
Hacer Robić
75%
Entrar Wchodzić
70%
Comprar Kupować
65%
Vivir Mieszkać
65%
Salir Wychodzić
65%
Poder Móc
60%
Abrir Otwierać
60%
Correr Biegać
55%
Tomar Brać
55%
Comenzar Zaczynać
45%
Poner Kłaść
40%
Encontrar Znaleźć
40%
Nacer Rodzić się
30%
Ser Być (ogólnie)
20%
Estar Być (teraz)
15%
Nie znaleziono quizów pasujących do podanych kryteriów
Rozkład punktacji
Procent ludzi z każdym wynikiem
Percentyl według liczby udzielonych odpowiedzi
Twoja historia wyników
Nie rozwiązałeś tego quizu od ostatniego zresetowania